Expert opinions in female pelvic medicine and reconstructive surgery (Record no. 31427)

MARC details
000 -LEADER
fixed length control field 00732nam a2200181 a 4500
008 - FIXED-LENGTH DATA ELEMENTS--GENERAL INFORMATION
fixed length control field 160301s2013 ||||||||||||||||| || u
020 ## - INTERNATIONAL STANDARD BOOK NUMBER
International Standard Book Number 9781907816291
050 ## - LIBRARY OF CONGRESS CALL NUMBER
Classification number RC 946 Vas
100 ## - MAIN ENTRY--PERSONAL NAME
Personal name Vasavada, Sandip
245 10 - TITLE STATEMENT
Title Expert opinions in female pelvic medicine and reconstructive surgery
Statement of responsibility, etc. By Sandip Vasavada [and] Howard Goldman
260 ## - PUBLICATION, DISTRIBUTION, ETC.
Place of publication, distribution, etc. London
Name of publisher, distributor, etc. JP Medical Publishers
Date of publication, distribution, etc. 2013
300 ## - PHYSICAL DESCRIPTION
Extent xii, 205p.: ill.
350 ## -
-- 162.00
650 ## - SUBJECT ADDED ENTRY--TOPICAL TERM
Topical term or geographic name entry element PELVIC ORGAN PROLAPSE
650 ## - SUBJECT ADDED ENTRY--TOPICAL TERM
Topical term or geographic name entry element PELVIC FLOOR DISORDERS
650 ## - SUBJECT ADDED ENTRY--TOPICAL TERM
Topical term or geographic name entry element FECAL INCONTINENCE
995 ## -
-- MEDICAL LIBRARY OPEN ACCESS
-- 903431
-- CBU-SCHOOL OF MEDICINE LIBRARY (Ndola)
-- 162.00
-- RC 946 Vas
-- 1
-- AVAILABLE
-- Mar 24, 2016
-- 903431
-- Medical Library Open Access Collection
999 ## -
-- 31427
-- 31427
Holdings
Withdrawn status Lost status Source of classification or shelving scheme Damaged status Not for loan Permanent Location Current Location Shelving location Date acquired Total Checkouts Full call number Barcode Date last seen Price effective from Koha item type
          CBU-SCHOOL OF MEDICINE LIBRARY, NDOLA. CBU-SCHOOL OF MEDICINE LIBRARY, NDOLA.   11/30/2022   RC 946 Vas 903431 11/30/2022 11/30/2022 MONOGRAPH